Railway Stations in Great Britain Starting with E - Statistics

General Stats
  • This quiz has been taken 93 times
  • The average score is 28 of 83
Answer Stats
County Passengers (2024/2025) Station % Correct
City of Edinburgh 22,755,164 Edinburgh
100%
Devon 2,922,288 Exeter St David's
76%
Greater London 2,343,318 Enfield Town
73%
Cambridgeshire 2,299,024 Ely
70%
Greater London 15,456,598 Ealing Broadway
67%
Hampshire 1,191,848 Eastleigh
67%
East Sussex 3,754,614 Eastbourne
64%
Greater London 20,592,106 East Croydon
64%
Surrey 3,342,368 Epsom
64%
Devon 999,764 Exmouth
64%
Greater Manchester 257,328 Eccles
61%
Devon 2,962,450 Exeter Central
61%
Kent 1,765,258 Ebbsfleet International
58%
Greater London 1,758,352 Eltham
58%
South Lanarkshire 582,794 East Kilbride
55%
Surrey 1,851,978 Egham
52%
Greater London 1,459,366 Enfield Lock
52%
Greater London 740,404 Erith
52%
Surrey 877,074 Esher
52%
West Sussex 1,100,494 East Grinstead
48%
Surrey 125,822 Epsom Downs
48%
Worcestershire 287,118 Evesham
48%
Devon 25,256 Exton
48%
Greater London 1,335,792 East Dulwich
45%
Greater London 1,166,152 Enfield Chase
45%
Surrey 490,410 Ewell East
45%
Surrey 970,948 Ewell West
45%
Devon 329,086 Exeter St Thomas
45%
Greater London 5,569,216 Earlsfield
42%
Greater London 3,486,764 Edmonton Green
42%
Hertfordshire 2,760,150 Elstree and Borehamwood
42%
Surrey 243,110 Effingham Junction
39%
Moray 295,372 Elgin
39%
Kent 175,966 Edenbridge
36%
Greater London 2,169,236 Elephant and Castle
36%
Greater London 697,932 Essex Road
36%
Berkshire 425,632 Earley
33%
City of Edinburgh 558,812 Edinburgh Park
33%
Cheshire 556,188 Ellesmere Port
33%
Surrey 352,176 Earlswood
30%
West Midlands 33,834 Earlswood
30%
Greater London 802,120 Elmers End
30%
Essex 222,928 Elsenham
27%
County Durham 211,956 Eaglescliffe
24%
Merseyside 330,956 Earlestown
24%
Blaenau Gwent 40,736 Ebbw Vale Parkway
24%
Greater London 558,530 Eden Park
24%
North Yorkshire 10,100 Egton
24%
Greater London 927,220 Elmstead Woods
24%
East Sussex 209,228 Etchingham
24%
Blaenau Gwent 248,760 Ebbw Vale Town
21%
Merseyside 209,880 Edge Hill
21%
City of Edinburgh 254,676 Edinburgh Gateway
21%
Greater London 302,740 Emerson Park
21%
Hampshire 362,368 Emsworth
21%
Kent 155,580 Eynsford
21%
Greater Manchester 299,254 East Didsbury
18%
Glasgow City 317,196 Easterhouse
18%
Norfolk 1,534 Eccles Road
18%
Devon 52,658 Eggesford
18%
West Midlands 481,364 Erdington
18%
Glasgow City 1,772,544 Exhibition Centre
18%
Merseyside 371,254 Eastham Rake
15%
East Lothian 66,982 East Linton
15%
Essex 384,542 East Tilbury
15%
West Sussex 470,512 East Worthing
15%
Derbyshire 171,814 Edale
15%
East Sussex 82,636 Eridge
15%
Kent 93,032 East Malling
12%
Nottinghamshire 355,098 East Midlands Parkway
12%
Kent 322,154 Edenbridge Town
12%
South Yorkshire 196,124 Elsecar
12%
Nottinghamshire 68 Elton and Orston
12%
Caerphilly 80,900 Energlyn and Churchill Park
12%
Lancashire 75,928 Euxton Balshaw Lane
12%
Vale of Glamorgan 142,166 Eastbrook
9%
West Yorkshire 185,360 East Garforth
9%
Suffolk 121,748 Elmswell
9%
Midlothian 286,350 Eskbank
9%
Kent 38,974 East Farleigh
6%
East Riding of Yorkshire 3,378 Eastrington
6%
Lancashire 19,988 Entwistle
6%
Merseyside 74,390 Eccleston Park
3%
No matching quizzes found
Score Distribution
Percent of People with Each Score
Percentile by Number Answered
Your Score History
You have not taken this quiz